ZOBRAZENIE TRANSPLANTOVANEJ PEČENE

Bibliographic Details
Main Authors: Weill, Francis S (Author), Hrušovský, Štefan, 1954- (Author)
Format: Article
Language:Slovak

MARC

LEADER 00000nab a2200000ua 4500
001 vtls010789367
003 SK-MaSNL
005 20260303214813.0
008 230214s1996 xo |||||||||||||||||slo|
035 |a (urnnbn)urn:nbn:sk:snk:ar-a03f6m 
035 |a (uuid)44a95e4a-e319-425d-ae9a-e2fce8be455c 
035 |a urn:nbn:sk:snk-ab58ts 
040 |a SNKBUCL  |b slo  |c SNKBUCL  |e AACR2 
041 0 |a slo 
044 |a xo  |c SK 
100 1 |a Weill, Francis S  |4 aut  |9 1250201 
245 1 0 |a ZOBRAZENIE TRANSPLANTOVANEJ PEČENE  |c F.S. Weill, Š. Hrušovský 
700 1 |a Hrušovský, Štefan,  |d 1954-  |4 aut  |9 103536 
773 0 |t Bratislavské lekárske listy  |g Roč. 97, č. 4 (1996), s. 208-215 
954 |a odborná, vedecká literatúra pôvodná (slovenská)  |2 lita 
958 |a OND 
958 |a EUIPO 
958 |a article3 
999 |c 2218846  |d 2220776